Statistics for Borders of One Border Countries - Shape Quiz

Click here to take the quiz!

General Stats

  • This quiz has been taken 44 times
  • The average score is 15 of 17

Answer Stats

Country% Correct
Ireland
100%
Germany
98%
Spain
98%
United Kingdom
98%
United States
98%
Dominican Republic
93%
Indonesia
93%
Senegal
93%
North Korea
89%
France
86%
Haiti
84%
Saudi Arabia
84%
South Africa
84%
Italy
80%
Indonesia
77%
Italy
77%
Malaysia
77%

Score Distribution

Percentile by Number Answered

Percent of People with Each Score

Your Score History

You have not taken this quiz